000 00254nam a2200097Ia 4500
001 647308
005 20250826153700.0
008 250824s9999 xx 000 0 und d
245 0 _aDOĞANIN BİR YILI MART
_cRUTH SYMONS
260 _bTÜBİTAK POPÜLER BİLİM
999 _c647308
_d647308